BIG TEN teams by Logo - Statistics

General Stats
  • This quiz has been taken 23 times
  • The average score is 15 of 17
Answer Stats
Picture Answer % Correct
Michigan
100%
Oregon
100%
Penn State
94%
UCLA
94%
Washington
94%
Wisconsin
94%
Indiana
88%
Maryland
88%
Michigan State
88%
Nebraska
88%
Ohio State
88%
Purdue
88%
Rutgers
88%
USC
88%
Iowa
82%
Minnesota
82%
Northwestern
82%
No matching quizzes found
Score Distribution
Percent of People with Each Score
Percentile by Number Answered
Your Score History
You have not taken this quiz